000 00816nam a22002537a 4500
001 35069
003 UA-OsUOA
005 20210106204931.0
007 ta
008 20051107b un ||||| |||| 00| 0 ukr d
020 _a5-325-00697-5
040 _aUA-OsUOA
_bukr
_cUA-OsUOA
_dUA-OsUOA
041 _aukr
080 _a81.374.2-161.2
090 _a81.374.2-161.2
_bГ61
100 _aГоловащук С. І.
245 _aСкладні випадки наголошення
_bсловник- довідник
260 _aК.
_bЛибідь
_c1995
300 _a192 с.
650 7 _a8 Мовознавство. Художня література. Літературознавство
_2UDC
942 _cBK
_2udc
955 _a2
999 _c321458
_d321458